[Event "WchT Seniors 65"]
[Site "Struga"]
[Date "2023.09.26"]
[Round "7.2"]
[White "Danner, Lambert"]
[Black "Wagner Michel, Annett"]
[Result "1/2-1/2"]
[WhiteElo "1954"]
[BlackElo "2054"]
[PlyCount "48"]
[EventDate "2023.09.19"]
[EventType "team-swiss"]
[EventRounds "9"]
[EventCountry "MKD"]
[SourceTitle "EXT 2024"]
[Source "ChessBase"]
[SourceDate "2023.10.10"]
[SourceVersion "1"]
[SourceVersionDate "2023.10.10"]
[SourceQuality "1"]
[WhiteTeam "Austria 65"]
[BlackTeam "Germany 65 (W)"]
[WhiteTeamCountry "AUT"]
[BlackTeamCountry "GER"]

1. d4 d5 2. c4 e6 3. g3 Nf6 4. Nf3 Bb4+ 5. Bd2 Be7 6. Qc2 0-0 7. Bg2 Nbd7 8. 0-0 Ne4 9. Bf4 c6 10. Nc3 Nxc3 11. Qxc3 g5 12. Bd2 f5 13. Ne5 Nxe5 14. dxe5 Bd7 15. Rad1 Be8 16. Bc1 Bh5 17. Rd2 a5 18. Qe3 Qc7 19. f4 gxf4 20. Qxf4 Kh8 21. Rc2 Bc5+ 22. Be3 Bxe3+ 23. Qxe3 Qg7 24. Kh1 Rg8 1/2-1/2

[Event "WchT Seniors 65"]
[Site "Struga"]
[Date "2023.09.22"]
[Round "4.2"]
[White "Wagner Michel, Annett"]
[Black "Olesen, Christer"]
[Result "1/2-1/2"]
[WhiteElo "2054"]
[BlackElo "1857"]
[PlyCount "80"]
[EventDate "2023.09.19"]
[EventType "team-swiss"]
[EventRounds "9"]
[EventCountry "MKD"]
[SourceTitle "EXT 2024"]
[Source "ChessBase"]
[SourceDate "2023.10.10"]
[SourceVersion "1"]
[SourceVersionDate "2023.10.10"]
[SourceQuality "1"]
[WhiteTeam "Germany 65 (W)"]
[BlackTeam "Sweden Skane 65"]
[WhiteTeamCountry "GER"]
[BlackTeamCountry "SWE"]

1. e4 c6 2. Nc3 d5 3. Nf3 dxe4 4. Nxe4 Nf6 5. Qe2 Nxe4 6. Qxe4 Nd7 7. Bc4 Nf6 8. Ne5 e6 9. Qe2 Bd6 10. d4 h6 11. 0-0 Qc7 12. Re1 b6 13. h3 0-0 14. Ng4 Nxg4 15. hxg4 Bh2+ 16. Kh1 Bf4 17. Qe4 Bxc1 18. Raxc1 Bb7 19. Bd3 g6 20. Qe3 Kg7 21. Be4 Rad8 22. c3 Ba8 23. Ra1 Rfe8 24. Kg1 Rd7 25. g3 Red8 26. Bf3 Bb7 27. g5 hxg5 28. Qxg5 c5 29. Bxb7 Qxb7 30. Qe5+ Kg8 31. Re4 Rd5 32. Qf6 Qd7 33. Rh4 Rh5 34. Rxh5 gxh5 35. Re1 cxd4 36. Qg5+ Kf8 37. Qh6+ Ke7 38. Qg5+ Kf8 39. Qh6+ Ke7 40. Qg5+ Kf8 1/2-1/2

[Event "WchT Seniors 65"]
[Site "Struga"]
[Date "2023.09.20"]
[Round "2.1"]
[White "Saariaho, Taneli"]
[Black "Wagner Michel, Annett"]
[Result "1/2-1/2"]
[WhiteElo "1958"]
[BlackElo "2054"]
[PlyCount "74"]
[EventDate "2023.09.19"]
[EventType "team-swiss"]
[EventRounds "9"]
[EventCountry "MKD"]
[SourceTitle "EXT 2024"]
[Source "ChessBase"]
[SourceDate "2023.10.10"]
[SourceVersion "1"]
[SourceVersionDate "2023.10.10"]
[SourceQuality "1"]
[WhiteTeam "Finland Turku 65"]
[BlackTeam "Germany 65 (W)"]
[WhiteTeamCountry "FIN"]
[BlackTeamCountry "GER"]

1. e4 c5 2. Nf3 Nc6 3. Bb5 Nf6 4. e5 Nd5 5. Nc3 Nxc3 6. dxc3 Qc7 7. Bf4 a6 8. Bxc6 Qxc6 9. 0-0 g6 10. Re1 Bg7 11. Qd2 0-0 12. Bh6 b5 13. Bxg7 Kxg7 14. Rad1 Ra7 15. Re3 Rc7 16. Ne1 h5 17. f4 f5 18. Nf3 Qe6 19. b3 Rc6 20. Ng5 Qg8 21. Qe2 Re8 22. Rh3 Kf8 23. Re1 c4 24. b4 Rd8 25. Nf3 Rc7 26. Rg3 Bb7 27. Nd4 Be4 28. Rd1 Rdc8 29. Re3 Qf7 30. Nf3 Bxf3 31. Qxf3 Qe6 32. Qd5 Qxd5 33. Rxd5 Kf7 34. Rd2 Rg8 35. h4 Rb8 36. Rd5 Rbb7 37. a4 Rb6 1/2-1/2

[Event "EU-chT Seniors 65"]
[Site "Swidnica"]
[Date "2023.07.20"]
[Round "9.6"]
[White "Tucker, David Sidney"]
[Black "Wagner Michel, Annett"]
[Result "0-1"]
[WhiteElo "1898"]
[BlackElo "2078"]
[PlyCount "102"]
[EventDate "2023.07.12"]
[EventType "team-swiss"]
[EventRounds "9"]
[EventCountry "POL"]
[SourceTitle "CBM 215 Extra"]
[Source "ChessBase"]
[SourceDate "2023.09.30"]
[SourceVersion "1"]
[SourceVersionDate "2023.09.30"]
[SourceQuality "1"]
[WhiteTeam "England 65 III"]
[BlackTeam "Germany (Women) 65"]
[WhiteTeamCountry "ENG"]
[BlackTeamCountry "GER"]

1. e4 c5 2. Nf3 Nc6 3. d4 cxd4 4. Nxd4 Nf6 5. Nc3 d6 6. g3 Bd7 7. Bg2 a6 8. 0-0 e6 9. Re1 Rc8 10. Nxc6 Bxc6 11. Nd5 Bxd5 12. exd5 e5 13. f4 Qc7 14. c3 Be7 15. Qa4+ Kf8 16. Be3 h5 17. Qb3 h4 18. Qb6 hxg3 19. hxg3 Qxb6 20. Bxb6 Nd7 21. Bf2 f5 22. fxe5 Nxe5 23. Bd4 Bf6 24. Re2 Kf7 25. Rf1 g6 26. b3 b5 27. Rd1 Rhe8 28. Kf1 Ng4 29. Bxf6 Kxf6 30. Rd3 Re5 31. a3 Rce8 32. Rxe5 Rxe5 33. a4 bxa4 34. bxa4 Ne3+ 35. Kf2 Nxg2 36. Kxg2 Re4 37. a5 Ke5 38. Kf3 g5 39. Rd1 Rc4 40. Rd3 Rc5 41. g4 f4 42. c4 Rxc4 43. Rb3 Kxd5 44. Rb6 Rc3+ 45. Ke2 Rc6 46. Rb8 Rc5 47. Rg8 Kd4 48. Rg6 Rd5 49. Rf6 Kc5 50. Kf3 Re5 51. Rg6 Kc6 0-1

[Event "EU-chT Seniors 65"]
[Site "Swidnica"]
[Date "2023.07.17"]
[Round "6.9"]
[White "Sobocanec, Alojz"]
[Black "Wagner Michel, Annett"]
[Result "0-1"]
[WhiteElo "1762"]
[BlackElo "2078"]
[PlyCount "40"]
[EventDate "2023.07.12"]
[EventType "team-swiss"]
[EventRounds "9"]
[EventCountry "POL"]
[SourceTitle "CBM 215 Extra"]
[Source "ChessBase"]
[SourceDate "2023.09.30"]
[SourceVersion "1"]
[SourceVersionDate "2023.09.30"]
[SourceQuality "1"]
[WhiteTeam "Mursko Sredisce 65"]
[BlackTeam "Germany (Women) 65"]
[WhiteTeamCountry "CRO"]
[BlackTeamCountry "GER"]

1. d4 e6 2. e4 c5 3. c3 d5 4. e5 Nc6 5. f4 Nh6 6. Bb5 Qb6 7. Bxc6+ bxc6 8. Nf3 Ba6 9. Qc2 Rb8 10. b3 cxd4 11. cxd4 Nf5 12. g4 Bb4+ 13. Bd2 Ne3 14. Qb2 Nxg4 15. Nc3 Bxc3 16. Qxc3 Qb5 17. 0-0-0 Nf2 18. Kb1 Nxd1 19. Rxd1 Qd3+ 20. Kb2 Qxc3+ 0-1

[Event "EU-chT Seniors 65"]
[Site "Swidnica"]
[Date "2023.07.15"]
[Round "4.8"]
[White "Wagner Michel, Annett"]
[Black "Holst, Per"]
[Result "1/2-1/2"]
[WhiteElo "2078"]
[BlackElo "2090"]
[PlyCount "43"]
[EventDate "2023.07.12"]
[EventType "team-swiss"]
[EventRounds "9"]
[EventCountry "POL"]
[SourceTitle "CBM 215 Extra"]
[Source "ChessBase"]
[SourceDate "2023.09.30"]
[SourceVersion "1"]
[SourceVersionDate "2023.09.30"]
[SourceQuality "1"]
[WhiteTeam "Germany (Women) 65"]
[BlackTeam "Denmark 65"]
[WhiteTeamCountry "GER"]
[BlackTeamCountry "DEN"]

1. e4 e6 2. d4 d5 3. exd5 exd5 4. Bd3 Bd6 5. c3 Nf6 6. Ne2 0-0 7. Qc2 Re8 8. Bg5 h6 9. Bh4 Nbd7 10. Nd2 c6 11. 0-0-0 Qc7 12. Bg3 Nf8 13. h3 Ne6 14. Rde1 Bd7 15. Bxd6 Qxd6 16. Nf3 Nf4 17. Nxf4 Qxf4+ 18. Qd2 Qxd2+ 19. Kxd2 Rxe1 20. Rxe1 Kf8 21. g4 Be8 22. Ne5 1/2-1/2

[Event "Rottach Egern Seniors Cup 11th"]
[Site "Rottach Egern"]
[Date "2023.04.17"]
[Round "3"]
[White "Gutt, Oswald"]
[Black "Wagner Michel, Annett"]
[Result "0-1"]
[WhiteElo "1906"]
[BlackElo "2046"]
[PlyCount "62"]
[EventDate "2023.04.15"]
[EventType "swiss"]
[EventRounds "9"]
[EventCountry "GER"]
[SourceTitle "EXT 2024"]
[Source "ChessBase"]
[SourceDate "2023.10.10"]
[SourceVersion "1"]
[SourceVersionDate "2023.10.10"]
[SourceQuality "1"]

1. d4 d5 2. c4 e6 3. Nc3 Nf6 4. Bg5 Nbd7 5. e3 Be7 6. Nf3 0-0 7. Rc1 c6 8. Bd3 Re8 9. 0-0 b6 10. cxd5 exd5 11. Qa4 Bb7 12. Bb1 Ne4 13. Nxe4 dxe4 14. Bxe7 Qxe7 15. Nd2 c5 16. Rfd1 a6 17. Nf1 b5 18. Qa5 c4 19. a4 Qd8 20. Qb4 Qb6 21. a5 Qe6 22. Ng3 Rac8 23. Ne2 Nf6 24. Nf4 Qd7 25. d5 g5 26. Qc3 Qf5 27. Ne2 Nxd5 28. Qd4 Qe6 29. Qa7 Rc7 30. Ng3 Nb4 31. Qd4 Nd3 0-1

[Event "Rottach Egern Seniors Cup 11th"]
[Site "Rottach Egern"]
[Date "2023.04.16"]
[Round "2"]
[White "Wagner Michel, Annett"]
[Black "Horata, Hakan"]
[Result "1-0"]
[WhiteElo "2046"]
[BlackElo "1733"]
[PlyCount "63"]
[EventDate "2023.04.15"]
[EventType "swiss"]
[EventRounds "9"]
[EventCountry "GER"]
[SourceTitle "EXT 2024"]
[Source "ChessBase"]
[SourceDate "2023.10.10"]
[SourceVersion "1"]
[SourceVersionDate "2023.10.10"]
[SourceQuality "1"]

1. e4 c5 2. Nf3 d6 3. Bb5+ Nd7 4. 0-0 Ngf6 5. Re1 e5 6. c3 Be7 7. d4 0-0 8. Nbd2 a6 9. Bxd7 Nxd7 10. dxe5 dxe5 11. Nc4 Qc7 12. a4 b6 13. Qb3 Rb8 14. Ne3 Nf6 15. c4 Bd6 16. Qc2 Bd7 17. b3 Bc6 18. Nd5 Bxd5 19. cxd5 b5 20. axb5 axb5 21. Bb2 Rfc8 22. Ra6 Nd7 23. Rc6 Qb7 24. Rxd6 f6 25. Rc1 c4 26. Rc6 Rxc6 27. dxc6 Qxc6 28. bxc4 bxc4 29. Nd2 Nb6 30. Bc3 Na4 31. h3 Nc5 32. Bxe5 1-0

[Event "EU-chT Seniors 65"]
[Site "Dresden"]
[Date "2022.11.02"]
[Round "7.2"]
[White "Harding, Timothy David"]
[Black "Wagner Michel, Annett"]
[Result "1/2-1/2"]
[WhiteElo "1955"]
[BlackElo "2007"]
[PlyCount "23"]
[EventDate "2022.10.27"]
[EventType "team-swiss"]
[EventRounds "9"]
[EventCountry "GER"]
[SourceTitle "EXT 2024"]
[Source "ChessBase"]
[SourceDate "2023.10.10"]
[SourceVersion "1"]
[SourceVersionDate "2023.10.10"]
[SourceQuality "1"]
[WhiteTeam "Ireland 65"]
[BlackTeam "Germany (Women) 65"]
[WhiteTeamCountry "IRL"]
[BlackTeamCountry "GER"]

1. d4 d5 2. c4 e6 3. Nf3 Nf6 4. g3 c5 5. cxd5 Nxd5 6. Bg2 cxd4 7. 0-0 Be7 8. Nxd4 0-0 9. e4 Nb4 10. Nc3 N8c6 11. Nxc6 Nxc6 12. Be3 1/2-1/2

[Event "EU-ch Seniors 65 21st"]
[Site "Lublin"]
[Date "2022.07.13"]
[Round "9"]
[White "Rak, Tomasz"]
[Black "Wagner Michel, Annett"]
[Result "1/2-1/2"]
[WhiteElo "1887"]
[BlackElo "2056"]
[PlyCount "162"]
[EventDate "2022.07.05"]
[EventType "swiss"]
[EventRounds "9"]
[EventCountry "POL"]
[SourceTitle "CBM 209 Extra"]
[Source "ChessBase"]
[SourceDate "2022.09.30"]
[SourceVersion "1"]
[SourceVersionDate "2022.09.30"]
[SourceQuality "1"]

1. Nf3 d5 2. d4 Nf6 3. Bf4 e6 4. Nbd2 c5 5. e3 Bd6 6. Bg3 0-0 7. c3 Nc6 8. Bd3 c4 9. Bc2 b5 10. a3 a5 11. Qe2 g6 12. e4 dxe4 13. Nxe4 Nxe4 14. Qxe4 Bb7 15. Qe3 Re8 16. 0-0 Ne7 17. Be5 Nd5 18. Qh6 Bf8 19. Qh3 f6 20. Bg3 Bc8 21. Rfe1 Ra6 22. Qh4 Bg7 23. Nd2 f5 24. Qxd8 Rxd8 25. Be5 Bh6 26. Nf1 Bd7 27. Ne3 Nxe3 28. fxe3 Rda8 29. e4 b4 30. axb4 axb4 31. Rxa6 Rxa6 32. cxb4 Bd2 33. Rd1 Bxb4 34. d5 Bc5+ 35. Bd4 Bxd4+ 36. Rxd4 Ra1+ 37. Kf2 Ra2 38. Rxc4 Rxb2 39. Ke3 fxe4 40. Bxe4 exd5 41. Bxd5+ Kf8 42. Rf4+ Ke8 43. h4 Bb5 44. g4 Re2+ 45. Kd4 Bd7 46. Kc5 Be6 47. Bf3 Rd2 48. Rb4 Ke7 49. g5 Rd7 50. Bc6 Ra7 51. Rb8 Kf7 52. Kd6 Ba2 53. Rb2 Kg7 54. Bd7 Bf7 55. Rf2 Ra3 56. Re2 Rd3+ 57. Ke7 Bc4 58. Re4 Bd5 59. Re5 Bg8 60. Kd8 Rf3 61. Re7+ Rf7 62. Re4 Rf8+ 63. Ke7 Rf7+ 64. Kd6 Rf2 65. Bb5 Bb3 66. Rb4 Bg8 67. Ba6 Rf8 68. Rb7+ Rf7 69. Rb8 Rf4 70. Rb7+ Rf7 71. Rb4 Rf8 72. Be2 h6 73. Bc4 Bxc4 74. Rxc4 hxg5 75. hxg5 Rf7 76. Re4 Rf5 77. Re7+ Kg8 78. Re5 Rf2 79. Rc5 Re2 80. Rc7 Re3 81. Re7 Rg3 1/2-1/2

[Event "BL2 Ost 2122 (Women)"]
[Site "Germany"]
[Date "2022.04.10"]
[Round "7.2"]
[White "Hartung, Katja"]
[Black "Wagner Michel, Annett"]
[Result "1/2-1/2"]
[WhiteElo "1926"]
[BlackElo "2104"]
[PlyCount "83"]
[EventDate "2021.11.27"]
[EventType "team-tourn"]
[EventRounds "7"]
[EventCountry "GER"]
[SourceTitle "EXT 2023"]
[Source "ChessBase"]
[SourceDate "2022.10.05"]
[SourceVersion "1"]
[SourceVersionDate "2022.10.05"]
[SourceQuality "1"]
[WhiteTeam "Merseburg (W)"]
[BlackTeam "Rotation Pankow (W)"]
[WhiteTeamCountry "GER"]
[BlackTeamCountry "GER"]

1. e4 c5 2. d4 cxd4 3. c3 d5 4. Qxd4 dxe4 5. Qxe4 Nc6 6. Bb5 Bd7 7. Nf3 Nf6 8. Qe2 e6 9. Bf4 Be7 10. Nbd2 0-0 11. 0-0 a6 12. Bd3 Nh5 13. Be3 h6 14. Nc4 b5 15. Nb6 Rb8 16. Nxd7 Qxd7 17. Rfd1 Qc7 18. g3 e5 19. Be4 Nd8 20. Nxe5 Nf6 21. Bf4 Ne6 22. Ng6 Nxf4 23. Nxf4 Rfe8 24. Nd5 Nxd5 25. Bxd5 Bf6 26. Qf3 Re7 27. Rd2 Rbe8 28. Rad1 Re1+ 29. Rxe1 Rxe1+ 30. Kg2 Re8 31. Re2 Rxe2 32. Qxe2 Qd8 33. Be4 g6 34. h4 Kg7 35. h5 Qe7 36. Qg4 Bg5 37. hxg6 fxg6 38. Bd3 h5 39. Qd4+ Bf6 40. Qb6 Qd7 41. Be4 h4 42. Qb7 1/2-1/2

[Event "Rottach Egern Seniors Cup 10th"]
[Site "Rottach Egern"]
[Date "2022.04.03"]
[Round "9"]
[White "Wagner Michel, Annett"]
[Black "Wiest, Leonhard"]
[Result "1/2-1/2"]
[WhiteElo "2098"]
[BlackElo "1999"]
[PlyCount "168"]
[EventDate "2022.03.26"]
[EventType "swiss"]
[EventRounds "9"]
[EventCountry "GER"]
[SourceTitle "CBM 207 Extra"]
[Source "ChessBase"]
[SourceDate "2022.05.31"]
[SourceVersion "1"]
[SourceVersionDate "2022.05.31"]
[SourceQuality "1"]

1. e4 c6 2. d4 d5 3. Nd2 dxe4 4. Nxe4 Bf5 5. Ng3 Bg6 6. Nf3 Nd7 7. h4 h6 8. h5 Bh7 9. Bd3 Bxd3 10. Qxd3 e6 11. Bd2 Ngf6 12. Qe2 Be7 13. 0-0-0 0-0 14. Kb1 c5 15. c4 cxd4 16. Nxd4 Qb6 17. Bc3 Rfe8 18. f3 Nc5 19. Qc2 Rac8 20. Nge2 Na6 21. Qb3 Qc7 22. Nb5 Qxc4 23. Qxc4 Rxc4 24. Bxf6 Bxf6 25. Nd6 Rb4 26. Nxe8 Rxb2+ 27. Kc1 Rxe2 28. Nxf6+ gxf6 29. Rd2 Re5 30. Rh4 f5 31. Rc4 Kg7 32. Rd7 Rb5 33. Kd2 Kf6 34. Ke3 Nb4 35. Rd2 Nd5+ 36. Kf2 f4 37. g3 fxg3+ 38. Kxg3 a5 39. Rh2 Rb1 40. Ra4 b6 41. Ra3 Kg5 42. Ra4 Nf6 43. f4+ Kf5 44. Rc4 Nd5 45. Re2 Kf6 46. Rh2 Re1 47. Rd4 Kf5 48. Rb2 Re3+ 49. Kg2 f6 50. Rf2 b5 51. Rb2 b4 52. Rc2 a4 53. Rc5 Re2+ 54. Kf1 Rxa2 55. Rxb4 Kg4 56. Re4 Kf3 57. Re1 Nxf4 58. Rc3+ Kg4 59. Rc4 e5 60. Rc6 Kf5 61. Re3 Nxh5 62. Rc4 Nf4 63. Ree4 a3 64. Re3 h5 65. Ra4 Ra1+ 66. Kf2 Ra2+ 67. Kg1 h4 68. Raxa3 Rd2 69. Ra1 h3 70. Rf1 Kg4 71. Kh1 Kg5 72. Rg3+ Kh4 73. Rg7 Rg2 74. Rh7+ Kg4 75. Rg7+ Kf5 76. Rh7 Rg3 77. Kh2 Rd3 78. Rh4 Kg5 79. Rh8 Rd2+ 80. Kh1 Kg4 81. Rg8+ Kf5 82. Rg3 Ke4 83. Re1+ Kd4 84. Rg4 Kd5 1/2-1/2

[Event "Rottach Egern Seniors Cup 10th"]
[Site "Rottach Egern"]
[Date "2022.03.27"]
[Round "2"]
[White "Walter, Mario E"]
[Black "Wagner Michel, Annett"]
[Result "1/2-1/2"]
[WhiteElo "1872"]
[BlackElo "2098"]
[PlyCount "92"]
[EventDate "2022.03.26"]
[EventType "swiss"]
[EventRounds "9"]
[EventCountry "GER"]
[SourceTitle "CBM 207 Extra"]
[Source "ChessBase"]
[SourceDate "2022.05.31"]
[SourceVersion "1"]
[SourceVersionDate "2022.05.31"]
[SourceQuality "1"]

1. d4 d5 2. Bf4 Nf6 3. e3 e6 4. c3 Bd6 5. Bd3 0-0 6. Nd2 c5 7. Bxd6 Qxd6 8. Ngf3 Nc6 9. 0-0 e5 10. dxe5 Nxe5 11. Nxe5 Qxe5 12. Re1 Bg4 13. Be2 Bf5 14. Nf3 Qe7 15. h3 Rfd8 16. Bd3 Ne4 17. Qe2 Rd6 18. Rad1 a6 19. Nd2 b5 20. Bxe4 dxe4 21. Nb3 Rg6 22. Kh2 Qe5+ 23. Kh1 Be6 24. Rd2 Re8 25. Red1 Bc4 26. Qe1 Qg5 27. Qg1 Bd3 28. Qh2 h5 29. Nc1 Qf6 30. Qg1 Bc4 31. b3 Be6 32. Ne2 Rg5 33. Qe1 Rf5 34. Kg1 h4 35. Rd6 Ra8 36. Nf4 Re5 37. Qd2 g6 38. Rd8+ Rxd8 39. Qxd8+ Kg7 40. Nxe6+ Rxe6 41. Qxf6+ Kxf6 42. Kf1 Rc6 43. Ke2 Ke6 44. Rd8 Ke7 45. Rd5 Ke6 46. Rd8 Ke7 1/2-1/2

[Event "BL2 Ost 2122 (Women)"]
[Site "Germany"]
[Date "2021.11.27"]
[Round "1.2"]
[White "Wagner Michel, Annett"]
[Black "Spangenberg, Romy"]
[Result "1-0"]
[WhiteElo "2059"]
[BlackElo "1866"]
[PlyCount "125"]
[EventDate "2021.11.27"]
[EventType "team-tourn"]
[EventRounds "7"]
[EventCountry "GER"]
[SourceTitle "EXT 2023"]
[Source "ChessBase"]
[SourceDate "2022.10.05"]
[SourceVersion "1"]
[SourceVersionDate "2022.10.05"]
[SourceQuality "1"]
[WhiteTeam "Rotation Pankow (W)"]
[BlackTeam "Leipzig Lindenau (W)"]
[WhiteTeamCountry "GER"]
[BlackTeamCountry "GER"]

1. e4 c5 2. Nf3 Nc6 3. Bb5 d6 4. 0-0 Bd7 5. Re1 Nf6 6. c3 a6 7. Bf1 b5 8. d4 e5 9. a4 c4 10. b3 Na5 11. bxc4 Nxc4 12. Bxc4 bxc4 13. dxe5 dxe5 14. Nxe5 Be6 15. Qxd8+ Rxd8 16. Nd2 Rc8 17. Rb1 Bd6 18. Nef3 Nd7 19. Nd4 0-0 20. N2f3 Nc5 21. Ba3 Rfd8 22. Rb6 Nxe4 23. Bxd6 Rxd6 24. Rxd6 Nxd6 25. Nxe6 fxe6 26. Rxe6 Rd8 27. Kf1 Kf7 28. Nd4 Nf5 29. Rxa6 Nxd4 30. cxd4 Rxd4 31. Rc6 c3 32. a5 Ra4 33. Rxc3 Rxa5 34. Ke2 Kf6 35. h4 h5 36. Kf3 Kf5 37. Kg3 g6 38. Rc8 Ra3+ 39. f3 Ra5 40. Rf8+ Ke5 41. Kh3 Ra4 42. Kg3 Ra5 43. Kh3 Ra4 44. Rb8 Ra5 45. Rb6 Kf5 46. g4+ hxg4+ 47. fxg4+ Kf4 48. Rf6+ Ke4 49. g5 Ra1 50. Rxg6 Rg1 51. Rf6 Ke5 52. Rf3 Ke6 53. Rg3 Rh1+ 54. Kg4 Kf7 55. Kh5 Kg7 56. Rb3 Rh2 57. Rb7+ Kf8 58. Kg4 Kg8 59. h5 Rf2 60. g6 Rg2+ 61. Kf5 Rh2 62. Kg5 Rg2+ 63. Kh6 1-0

[Event "EU-ch Seniors 65"]
[Site "Budoni"]
[Date "2021.09.30"]
[Round "5"]
[White "Wagner Michel, Annett"]
[Black "Garcia Paolicchi, Raul"]
[Result "1-0"]
[WhiteElo "1998"]
[BlackElo "2094"]
[PlyCount "55"]
[EventDate "2021.09.26"]
[EventType "swiss"]
[EventRounds "9"]
[EventCountry "ITA"]
[SourceTitle "EXT 2023"]
[Source "ChessBase"]
[SourceDate "2022.10.05"]
[SourceVersion "1"]
[SourceVersionDate "2022.10.05"]
[SourceQuality "1"]

1. e4 c6 2. d4 d5 3. Nd2 dxe4 4. Nxe4 Nf6 5. Ng3 h5 6. h4 Bg4 7. Be2 e6 8. Bg5 Be7 9. c3 Bxe2 10. Qxe2 Nbd7 11. Nf3 Ng4 12. 0-0-0 Ndf6 13. Kb1 Qc7 14. Ne5 g6 15. f3 Nxe5 16. dxe5 Nd5 17. Bxe7 Qxe7 18. c4 Nb6 19. Ne4 Kf8 20. Nf6 Kg7 21. g4 hxg4 22. fxg4 Rad8 23. h5 Rxd1+ 24. Rxd1 Qb4 25. g5 Rc8 26. hxg6 fxg6 27. Rh1 Rd8 28. Qh2 1-0

[Event "EUR-chT Seniors 65"]
[Site "Prague"]
[Date "2021.08.31"]
[Round "2.4"]
[White "Danek, Vaclav"]
[Black "Wagner Michel, Annett"]
[Result "0-1"]
[WhiteElo "1832"]
[BlackElo "2011"]
[PlyCount "30"]
[EventDate "2021.08.30"]
[EventType "team-swiss"]
[EventRounds "9"]
[EventCountry "CZE"]
[SourceTitle "CBM 204 Extra"]
[Source "ChessBase"]
[SourceDate "2021.11.30"]
[SourceVersion "1"]
[SourceVersionDate "2021.11.30"]
[SourceQuality "1"]
[WhiteTeam "Plzen 64"]
[BlackTeam "Germany (Women) 65"]
[WhiteTeamCountry "CZE"]
[BlackTeamCountry "GER"]

1. e4 c5 2. Nc3 Nc6 3. g3 g6 4. Bg2 Bg7 5. Nge2 d6 6. 0-0 Nf6 7. d3 Bd7 8. h3 h5 9. Be3 a6 10. d4 cxd4 11. Nxd4 Ne5 12. b3 Qc8 13. f4 Qxc3 14. Qe2 Neg4 15. hxg4 Nxg4 0-1

[Event "Leipzig GER Masters-ch rapid"]
[Site "Leipzig"]
[Date "2020.10.03"]
[Round "3"]
[White "Wagner Michel, Annett"]
[Black "Goehler, Antje"]
[Result "1-0"]
[WhiteElo "2011"]
[BlackElo "2102"]
[PlyCount "83"]
[EventDate "2020.10.03"]
[EventType "swiss (rapid)"]
[EventRounds "5"]
[EventCountry "GER"]
[SourceTitle "CBM 198 Extra"]
[Source "ChessBase"]
[SourceDate "2020.11.30"]
[SourceVersion "1"]
[SourceVersionDate "2020.11.30"]
[SourceQuality "1"]

1. e4 c5 2. Nf3 d6 3. Bb5+ Bd7 4. a4 a6 5. Bxd7+ Nxd7 6. 0-0 Ngf6 7. Re1 Qc7 8. Nc3 e6 9. h3 Be7 10. d3 0-0 11. b3 Rfe8 12. Bf4 Ne5 13. a5 Nfd7 14. Nxe5 Nxe5 15. Qd2 Bf6 16. Ra4 Nc6 17. Ne2 Bd8 18. d4 cxd4 19. Bg3 e5 20. b4 b5 21. axb6 Qxb6 22. Rb1 Qb5 23. Raa1 Bc7 24. c3 dxc3 25. Nxc3 Qc4 26. Nd5 Rac8 27. Nxc7 Rxc7 28. Qxd6 Nd4 29. Bxe5 Ne2+ 30. Kh2 Rc6 31. Qd5 h6 32. Re1 Qxd5 33. exd5 Rc2 34. Bd6 Re4 35. Bc5 Nc3 36. d6 Rxe1 37. Rxe1 Rd2 38. Ra1 Ne4 39. Rxa6 Nxf2 40. Bxf2 Rxf2 41. Ra8+ Kh7 42. d7 1-0

[Event "BL2 Ost 1920 (Women)"]
[Site "Germany"]
[Date "2020.02.15"]
[Round "6.1"]
[White "Wagner Michel, Annett"]
[Black "Halas, Julia"]
[Result "1-0"]
[WhiteElo "2055"]
[BlackElo "2078"]
[PlyCount "117"]
[EventDate "2019.09.14"]
[EventType "team-tourn"]
[EventRounds "7"]
[EventCountry "GER"]
[SourceTitle "EXT 2021"]
[Source "ChessBase"]
[SourceDate "2020.10.23"]
[SourceVersion "1"]
[SourceVersionDate "2020.10.23"]
[SourceQuality "1"]
[WhiteTeam "Pankow Rotation (W)"]
[BlackTeam "Leipzig SG (W)"]
[WhiteTeamCountry "GER"]
[BlackTeamCountry "GER"]

1. e4 e6 2. d4 d5 3. Nc3 Nf6 4. exd5 exd5 5. Bf4 Bd6 6. Qd2 Qe7+ 7. Be2 Be6 8. Bxd6 Qxd6 9. Bd3 0-0 10. Nge2 c5 11. Nb5 Qb6 12. dxc5 Qxc5 13. c3 Nc6 14. Qf4 Rad8 15. 0-0 Ne4 16. Rac1 f5 17. b4 Qe7 18. Qe3 Ne5 19. f3 Nxd3 20. Qxd3 a6 21. Nbd4 Nd6 22. Nf4 Bf7 23. Rce1 Qh4 24. g3 Qf6 25. Nfe6 f4 26. Nxd8 Rxd8 27. Qc2 Rc8 28. Qd2 fxg3 29. hxg3 h5 30. Rf2 Qg6 31. Rg2 b5 32. Kh2 Qf6 33. Rge2 h4 34. Rg2 Nf5 35. Nxf5 Qxf5 36. Re3 Be6 37. g4 Qf4+ 38. Kh1 h3 39. Rge2 Kf7 40. Qe1 Bd7 41. Qh4 Kg8 42. Qh5 d4 43. Qd5+ Kh7 44. Qxd4 Qxd4 45. cxd4 Rc1+ 46. Kh2 Rd1 47. Kxh3 Rxd4 48. a3 Bc6 49. Kg3 Bd5 50. f4 Bc4 51. Re1 Kg6 52. Re7 Rd3+ 53. R1e3 Rd6 54. f5+ Kf6 55. Kf4 g5+ 56. Kg3 Rd2 57. Rh7 Bd5 58. Rh6+ Kg7 59. Rg6+ 1-0